000 00598nam a2200265Ia 4500
005 20260306164323.0
008 008 260114s9999 xx 000 0 eng d
020 _a9781452952482
037 _aEBOOK
040 _aCRL
040 _beng
040 _cCRL
041 _2eng
041 _aeng
084 _qCRL
100 _aManuel
245 0 _aTaconite Dreams
260 _bUniversity of Minnesota Press
260 _c2016
650 _aEconomics & Finance
856 _uhttps://academic.oup.com/book/14366
942 _cEBOOK
999 _c1713641
_d1713641